El problema del hombre: introducción a la antropología filosófica

Salvato in:
Dettagli Bibliografici
Autore principale: Gevaert, Joseph (Autore)
Natura: Libro
Lingua:spagnolo
Pubblicazione: Salamanca Sígueme 1976
Edizione:2a. ed
Serie:Lux Mundi, 48
Soggetti:
Tags: Aggiungi Tag
Nessun Tag, puoi essere il primo ad aggiungerne!!

MARC

LEADER 00000cam a2200000 a 4500
001 UCZ0499
003 CL-VaPUC
008 950728e19760000SP |||||||||||||||||spa|d
020 |a 8430104232 
082 0 4 |a 128  |b GEV  |2 21 
100 |a Gevaert, Joseph  |e author  |9 491128 
245 1 3 |a El problema del hombre: introducción a la antropología filosófica 
250 |a 2a. ed 
300 |a 360 p 
942 |c BK 
945 |d 19950728 00:00:00  |a cmena 
260 |a Salamanca  |b Sígueme  |c 1976 
650 0 |a Antropología filosófica  |9 265842 
650 0 |a Naturaleza humana   |9 308593 
650 7 |a HOMBRE  |2 CL-VaPUC  |9 262149 
583 |a last modification  |c 20150409 05:29:11  |k Rodrigo Vera 
490 0 |a Lux Mundi, 48 
999 |c 237420  |d 237418 
952 |0 0  |1 0  |4 0  |6 128_000000000000000_GEV_1976  |7 0  |8 A  |9 246467  |a BIBEDU  |b BIBEDU  |d 2019-11-18  |i 1544411  |o 128 GEV 1976  |p 1544411  |r 2019-11-18  |w 2019-11-18  |y BK  |k EDU 
952 |0 0  |1 0  |4 0  |6 128_000000000000000_GEV_1976  |7 0  |8 A  |9 246468  |a BIBEDU  |b BIBEDU  |d 2019-11-18  |i 154442K  |o 128 GEV 1976  |p 154442K  |r 2019-11-18  |w 2019-11-18  |y BK  |k EDU 
952 |0 0  |1 0  |4 0  |6 128_000000000000000_GEV_1976  |7 0  |8 A  |9 246469  |a BIBTEO  |b BIBTEO  |d 2019-11-18  |i 2022915  |o 128 GEV 1976  |p 2022915  |r 2025-01-17  |w 2019-11-18  |y BK  |k ICR 
952 |0 0  |1 0  |4 0  |6 128_000000000000000_GEV_1976  |7 0  |8 A  |9 246470  |a BIBTEO  |b BIBTEO  |d 2019-11-18  |i 3421651  |l 2  |o 128 GEV 1976  |p 3421651  |r 2025-01-17  |s 2024-05-20  |w 2019-11-18  |y BK  |k ICR 
952 |0 0  |1 0  |3 erb  |4 0  |6 128_000000000000000_GEV_1976  |7 0  |8 A  |9 246471  |a BIBEDU  |b BIBEDU  |e Villagrán Garnham, Jorge  |i 5159687  |o 128 GEV 1976  |p 5159687  |r 2019-11-18  |w 2019-11-18  |y BK  |z Catalogado en:20150416  |k FIL